Az Orosházi Evangélikus Gimnázium története /1937.évtől 1948.-ig/

Elmentve itt :
Bibliográfiai részletek
Szerző: Szendi Horváth Judit
További közreműködők: Fáyné Dr. Dombi Alice (Témavezető)
Dokumentumtípus: Szakdolgozat
Megjelent: 1999
Tárgyszavak:
Online Access:http://diploma.bibl.u-szeged.hu/116620
LEADER 00744nta a2200193 i 4500
001 dipl116620
005 20210623063910.0
008 210611s1999 hu om 0|| zxx d
040 |a SZTE Diploma Repozitórium  |b hun 
041 |a zxx 
100 2 |a Szendi Horváth Judit 
245 1 3 |a Az Orosházi Evangélikus Gimnázium története /1937.évtől 1948.-ig/  |h [elektronikus dokumentum] /  |c Judit Szendi Horváth 
260 |c 1999 
650 4 |a Pedagógusképzés 
650 4 |a Social sciences 
650 4 |a Educational sciences 
650 4 |a Education, general (including training, pedagogy, didactics) 
700 2 |a Fáyné Dr. Dombi Alice  |e ths 
856 4 0 |u http://diploma.bibl.u-szeged.hu/id/eprint/116620/1/1999_szendi_horvath_judit.pdf  |z Dokumentum-elérés